| 000 | 00491nam a2200193Ia 4500 | ||
|---|---|---|---|
| 008 | 240510s9999 xx 000 0 und d | ||
| 020 | _a0000201168227 | ||
| 041 | _aEng | ||
| 082 | _a005.3 | ||
| 082 | _bL27 | ||
| 100 | _aROBINSON, T.A. : | ||
| 245 | 4 | _aTHE LOTUS guide to 123 advanced macro commands programming techniques | |
| 260 | _bAddison-Wesley, Reading, Mass | ||
| 260 | _c1986 | ||
| 300 | _a278 p. | ||
| 650 | _aLOTUS 1-2-3 : Application | ||
| 942 | _2ddc | ||
| 942 | _cLBK | ||
| 999 |
_c24928 _d24928 |
||
| 945 |
_a1 _bMadushi Gamage _c1 _dMadushi Gamage |
||